<?xml version="1.0" encoding="UTF-8"?>
<record
    xmlns:xsi="http://www.w3.org/2001/XMLSchema-instance"
    xsi:schemaLocation="http://www.loc.gov/MARC21/slim http://www.loc.gov/standards/marcxml/schema/MARC21slim.xsd"
    xmlns="http://www.loc.gov/MARC21/slim">

  <leader>01919nam0a2200349 i 4500</leader>
  <controlfield tag="001">RU\NLR\bibl\1978240</controlfield>
  <controlfield tag="005">20260405090251.0</controlfield>
  <datafield tag="010" ind1=" " ind2=" ">
    <subfield code="a">9785982278678</subfield>
    <subfield code="9">500</subfield>
  </datafield>
  <datafield tag="021" ind1=" " ind2=" ">
    <subfield code="a">RU</subfield>
    <subfield code="b">2012-91044</subfield>
    <subfield code="9">6737</subfield>
  </datafield>
  <datafield tag="035" ind1=" " ind2=" ">
    <subfield code="a">(NLR Aleph) 001966983</subfield>
  </datafield>
  <datafield tag="090" ind1=" " ind2=" ">
    <subfield code="a">3903259</subfield>
    <subfield code="c">3903259</subfield>
  </datafield>
  <datafield tag="100" ind1=" " ind2=" ">
    <subfield code="a">20121211d2012    u  y0rusy50      ca</subfield>
  </datafield>
  <datafield tag="101" ind1="0" ind2=" ">
    <subfield code="a">rus</subfield>
  </datafield>
  <datafield tag="102" ind1=" " ind2=" ">
    <subfield code="a">RU</subfield>
  </datafield>
  <datafield tag="105" ind1=" " ind2=" ">
    <subfield code="a">y   |||||||||</subfield>
  </datafield>
  <datafield tag="200" ind1="1" ind2=" ">
    <subfield code="a">&#x41E;&#x43B;&#x438;&#x43C;&#x43F;&#x438;&#x430;&#x434;&#x430; &#x448;&#x43A;&#x43E;&#x43B;&#x44C;&#x43D;&#x438;&#x43A;&#x43E;&#x432; "&#x41B;&#x43E;&#x43C;&#x43E;&#x43D;&#x43E;&#x441;&#x43E;&#x432;" &#x43F;&#x43E; &#x43F;&#x441;&#x438;&#x445;&#x43E;&#x43B;&#x43E;&#x433;&#x438;&#x438;</subfield>
    <subfield code="e">&#x43C;&#x435;&#x442;&#x43E;&#x434;&#x438;&#x447;&#x435;&#x441;&#x43A;&#x438;&#x435; &#x440;&#x435;&#x43A;&#x43E;&#x43C;&#x435;&#x43D;&#x434;&#x430;&#x446;&#x438;&#x438;</subfield>
    <subfield code="f">&#x42E;.&#x41F;. &#x417;&#x438;&#x43D;&#x447;&#x435;&#x43D;&#x43A;&#x43E;, &#x418;.&#x410;. &#x412;&#x43E;&#x43B;&#x43E;&#x434;&#x430;&#x440;&#x441;&#x43A;&#x430;&#x44F;, &#x410;.&#x410;. &#x41C;&#x430;&#x442;&#x44E;&#x448;&#x43A;&#x438;&#x43D;&#x430;, &#x420;.&#x421;. &#x428;&#x438;&#x43B;&#x43A;&#x43E;</subfield>
    <subfield code="g">&#x41C;&#x413;&#x423; &#x438;&#x43C;. &#x41C;.&#x412;. &#x41B;&#x43E;&#x43C;&#x43E;&#x43D;&#x43E;&#x441;&#x43E;&#x432;&#x430;, &#x424;&#x430;&#x43A;. &#x43F;&#x441;&#x438;&#x445;&#x43E;&#x43B;&#x43E;&#x433;&#x438;&#x438;</subfield>
  </datafield>
  <datafield tag="210" ind1=" " ind2=" ">
    <subfield code="a">&#x41C;&#x43E;&#x441;&#x43A;&#x432;&#x430;</subfield>
    <subfield code="c">&#x41A;&#x43D;&#x438;&#x436;&#x43D;&#x44B;&#x439; &#x434;&#x43E;&#x43C; &#x423;&#x43D;&#x438;&#x432;&#x435;&#x440;&#x441;&#x438;&#x442;&#x435;&#x442;</subfield>
    <subfield code="d">2012</subfield>
  </datafield>
  <datafield tag="215" ind1=" " ind2=" ">
    <subfield code="a">110, [1] &#x441;.</subfield>
    <subfield code="d">21</subfield>
  </datafield>
  <datafield tag="300" ind1=" " ind2=" ">
    <subfield code="a">&#x41D;&#x430; 111-&#x439; &#x441;. &#x430;&#x432;&#x442;.: &#x417;&#x438;&#x43D;&#x447;&#x435;&#x43D;&#x43A;&#x43E; &#x42E;.&#x41F;., &#x447;&#x43B;.-&#x43A;&#x43E;&#x440;. &#x420;&#x410;&#x41E;, &#x434;.&#x43F;&#x441;&#x438;&#x445;&#x43E;&#x43B;.&#x43D;., &#x43F;&#x440;&#x43E;&#x444;., &#x412;&#x43E;&#x43B;&#x43E;&#x434;&#x430;&#x440;&#x441;&#x43A;&#x430;&#x44F; &#x418;.&#x410;., &#x43A;.&#x43F;.&#x43D;., &#x434;&#x43E;&#x446;., &#x41C;&#x430;&#x442;&#x44E;&#x448;&#x43A;&#x438;&#x43D;&#x430; &#x410;.&#x410;., &#x428;&#x438;&#x43B;&#x43A;&#x43E; &#x420;.&#x421;., &#x43A;&#x430;&#x43D;&#x434;&#x438;&#x434;&#x430;&#x442;&#x44B; &#x43F;&#x441;&#x438;&#x445;&#x43E;&#x43B;. &#x43D;&#x430;&#x443;&#x43A;, &#x434;&#x43E;&#x446;&#x435;&#x43D;&#x442;&#x44B;</subfield>
  </datafield>
  <datafield tag="606" ind1="1" ind2=" ">
    <subfield code="a">&#x41F;&#x441;&#x438;&#x445;&#x43E;&#x43B;&#x43E;&#x433;&#x438;&#x44F;</subfield>
    <subfield code="j">&#x41C;&#x435;&#x442;&#x43E;&#x434;&#x438;&#x447;&#x435;&#x441;&#x43A;&#x438;&#x435; &#x43F;&#x43E;&#x441;&#x43E;&#x431;&#x438;&#x44F;</subfield>
    <subfield code="x">&#x41E;&#x43B;&#x438;&#x43C;&#x43F;&#x438;&#x430;&#x434;&#x44B; &#x448;&#x43A;&#x43E;&#x43B;&#x44C;&#x43D;&#x44B;&#x435;</subfield>
    <subfield code="9">2193333</subfield>
    <subfield code="3">RU\NLR\AUTH\6601553917</subfield>
  </datafield>
  <datafield tag="686" ind1="1" ind2=" ">
    <subfield code="a">&#x427;426.61-382.61&#x44F;8</subfield>
  </datafield>
  <datafield tag="701" ind1=" " ind2="1">
    <subfield code="a">&#x417;&#x438;&#x43D;&#x447;&#x435;&#x43D;&#x43A;&#x43E;</subfield>
    <subfield code="b">&#x42E;. &#x41F;.</subfield>
    <subfield code="g">&#x42E;&#x440;&#x438;&#x439; &#x41F;&#x435;&#x442;&#x440;&#x43E;&#x432;&#x438;&#x447;</subfield>
    <subfield code="4">070</subfield>
  </datafield>
  <datafield tag="701" ind1=" " ind2="1">
    <subfield code="4">070</subfield>
    <subfield code="8">rus</subfield>
    <subfield code="7">ca</subfield>
    <subfield code="a">&#x412;&#x43E;&#x43B;&#x43E;&#x434;&#x430;&#x440;&#x441;&#x43A;&#x430;&#x44F;</subfield>
    <subfield code="b">&#x418;. &#x410;.</subfield>
    <subfield code="f">1938-</subfield>
    <subfield code="g">&#x418;&#x43D;&#x43D;&#x430; &#x410;&#x43D;&#x434;&#x440;&#x435;&#x435;&#x432;&#x43D;&#x430;</subfield>
    <subfield code="3">RU\NLR\auth\7731992</subfield>
    <subfield code="9">15002</subfield>
  </datafield>
  <datafield tag="701" ind1=" " ind2="1">
    <subfield code="a">&#x41C;&#x430;&#x442;&#x44E;&#x448;&#x43A;&#x438;&#x43D;&#x430;</subfield>
    <subfield code="b">&#x410;. &#x410;.</subfield>
    <subfield code="g">&#x410;&#x43D;&#x43D;&#x430; &#x410;&#x43B;&#x435;&#x43A;&#x441;&#x435;&#x435;&#x432;&#x43D;&#x430;</subfield>
    <subfield code="4">070</subfield>
  </datafield>
  <datafield tag="701" ind1=" " ind2="1">
    <subfield code="a">&#x428;&#x438;&#x43B;&#x43A;&#x43E;</subfield>
    <subfield code="b">&#x420;. &#x421;.</subfield>
    <subfield code="g">&#x420;&#x43E;&#x43C;&#x430;&#x43D; &#x421;&#x435;&#x440;&#x433;&#x435;&#x435;&#x432;&#x438;&#x447;</subfield>
    <subfield code="4">070</subfield>
  </datafield>
  <datafield tag="801" ind1=" " ind2="0">
    <subfield code="a">RU</subfield>
    <subfield code="b">NLR</subfield>
    <subfield code="c">20121211</subfield>
    <subfield code="g">RCR</subfield>
  </datafield>
  <datafield tag="801" ind1=" " ind2="1">
    <subfield code="a">RU</subfield>
    <subfield code="b">NLR</subfield>
    <subfield code="c">20121211</subfield>
  </datafield>
  <datafield tag="942" ind1=" " ind2=" ">
    <subfield code="c">BOOK</subfield>
  </datafield>
  <datafield tag="980" ind1=" " ind2=" ">
    <subfield code="a">NBR</subfield>
  </datafield>
</record>
